Регионална библиотека "Любен Каравелов" - Русе

Go put your strengths to work (Запис номер 503323)

MARC детайли
000 -Лидер
Контролно поле с фиксирана дължина 00991nam a2200265 c 4500
003 - Код на организацията, давaща контролен номер
Контролно поле BLK
005 - Дата и час на последна редакция
Контролно поле 20240212090721.0
008 - Елементи от данни с фиксирана дължина
fixed length control field 180411b bul|||||r ||||||| ||bul||
020 ## - Международен стандартен номер на книга ISBN
Международен стандартен номер на книга ISBN 9780743261678
040 ## - Източник на каталожния запис
Идентификатор на билиотеката - собственик на записа BLK
041 ## - Код за език
Код за езика на текст/звукозапис или на отделно заглавие Английски
Код за езика КДБФ Английски
080 ## - УДК
Текстов определител УДК Методи на управление. Мениджмънт. Анализи, планиране, ръководство, сътрудничество, контрол, коопериране и др.
УДК код - определител по УДК 005.5
УДК - код + определител 005.5
100 1# - Редна дума - Автор
Автор Buckingham, Marcus
Авторска отговорност първи автор
R(LIN) 6357
139 ## - Редно поле
Редна дума Buckingham, Marcus
Авторски знак Bu - B 92
245 10 - Сведения за заглавието
Заглавие Go put your strengths to work
Подзаглавни данни 6 powerful steps to achieve outstanding performance
Редно поле (дума) Marcus Buckingham
260 ## - Област на издателските данни
Име на издателя, разпространителя и проч. Free Press
Година на издаване 2007
9 (RLIN) 220264
Място на издаване, разпространение и проч. New York
Издателство - префикс ISBN 978-0-7432-
300 ## - Физическа характеристика
Страници ХII, 270 p.
Размери/Мащаб 24 cm
380 ## - Жанр
Жанр Общ отдел
650 #4 - Допълнително описание по предмет – тема
Основно описание – тема или топоним Мениджмънт
9 (RLIN) 161870
653 ## - Ключова дума – ненормативна
Ключова дума мениджмънт
653 ## - Ключова дума – ненормативна
Ключова дума управление
856 4# - Електронен адрес и достъп
Електронен формат pdf - файл
856 4# - Електронен адрес и достъп
Електронен формат pdf - файл
942 ## - АРТИКУЛИ
Вид на библиотечния материал Книги
Скрит в OPAC Не
Koha issues (borrowed), all copies 2
Периодичен библиозапис Да
999 ## - СИСТЕМНИ КОНТРОЛНИ НОМЕРА
Koha biblionumber 503323
Koha biblioitemnumber 503323
944 ## - СЪЗДАВАНЕ И РЕДАКЦИЯ на ЗАПИСА
Създаване/Редакция
Дата на регистрацията/редакция Нора Радева
Служител, извършил регистрацията/редакцията 30545
Статус, дата на статуса Нора Радева
Наличности
Код за отписване Код за изгубен артикул Източник на класификационната схема Код за повреда Код за отдаване Артикулен № Име на библиотеката - собственик Име на библиотеката, в която се намира в момента Статус (Текущо местоположение) Дата на вписване в системата Местоположение - отдел Цена в лева Инвентарен номер Систематично азбучна сигнатура Баркод Цена в евро Служебен тип на артикула
  Не е изгубен Universal Decimal Classification Не е повреден заемане за дома 940154 Регионална библиотека "Любен Каравелов" Русе Регионална библиотека "Любен Каравелов" Русе Заемна - подръчен фонд 2024-02-12 Заемна - подръчен фонд 20.00 120000899182 005.5/В 92 М 120000899182 10.23 Книги
Vip Innovations Ltd, Rousse, Bulgaria 2025